Catálogo público

Manual de prácticas de laboratorio en fisiología celular animal / (Record no. 166786)

MARC details
000 -CABECERA
campo de control de longitud fija 00730nam a2200277Ia 4500
001 - NÚMERO DE CONTROL
campo de control Z_3705
003 - IDENTIFICADOR DEL NÚMERO DE CONTROL
campo de control CHAP
008 - DATOS DE LONGITUD FIJA--INFORMACIÓN GENERAL
campo de control de longitud fija 220113s1982 xx 000 0 und d
010 ## - NÚMERO DE CONTROL DE LA BIBLIOTECA DEL CONGRESO
Número de control de LC 166786
040 ## - FUENTE DE LA CATALOGACIÓN
Centro/agencia transcriptor CHAP
082 ## - NÚMERO DE LA CLASIFICACIÓN DECIMAL DEWEY
Número de clasificación 574.87 S35
100 1# - ENTRADA PRINCIPAL--NOMBRE DE PERSONA
Nombre de persona Salazar Bustos, Ma. del Socorro
9 (RLIN) 140910
245 ## - MENCIÓN DE TÍTULO
Título Manual de prácticas de laboratorio en fisiología celular animal /
Mención de responsabilidad, etc. por Ma. del Socorro Salazar Bustos
260 ## - PUBLICACIÓN, DISTRIBUCIÓN, ETC.
Lugar de publicación, distribución, etc. Chapingo, Méx. :
Nombre del editor, distribuidor, etc. UACH. Departamento de Zootecnia,
Fecha de publicación, distribución, etc. 1982
300 ## - DESCRIPCIÓN FÍSICA
Extensión 101 h.
440 ## - MENCIÓN DE SERIE/PUNTO DE ACCESO ADICIONAL--TÍTULO
Título
500 ## - NOTA GENERAL
Nota general
503 ## - NOTA DE HISTORIA BIBLIOGRÁFICA (BK CF MU) [OBSOLETO]
Nota de historia bibliográfica
650 ## - PUNTO DE ACCESO ADICIONAL DE MATERIA--TÉRMINO DE MATERIA
Término de materia o nombre geográfico como elemento de entrada Citología
Subdivisión general Manuales de laboratorio I. t.
9 (RLIN) 140911
901 ## - ELEMENTOS DE DATOS A LOCAL LDA (RLIN)
a 574.87 S35
902 ## - ELEMENTOS DE DATOS B LOCAL, LDB (RLIN)
a A
910 ## - DATOS DE OPCIÓN DEL USUARIO (OCLC)
Datos de opción del usuario 1982
942 ## - ELEMENTOS DE PUNTO DE ACCESO ADICIONAL (KOHA)
Tipo de ítem Koha Libro_
942 ## - ELEMENTOS DE PUNTO DE ACCESO ADICIONAL (KOHA)
Tipo de ítem Koha
Holdings
Estado de retiro Estado de pérdida Fuente del sistema de clasificación o colocación Estado dañado No para préstamo Código de colección Localización permanente Ubicación/localización actual Ubicación en estantería Fecha de adquisición Código de barras Fecha visto por última vez Número de copia Precio válido a partir de Tipo de ítem Koha
    Dewey Decimal Classification     General Zootecnia Zootecnia   09/11/2005 z_4091 18/01/2022 1 18/01/2022 Libro
    Dewey Decimal Classification     General Zootecnia Zootecnia   09/11/2005 z_4092 18/01/2022 2 18/01/2022 Libro
    Dewey Decimal Classification     General Zootecnia Zootecnia   09/11/2005 z_4093 18/01/2022 3 18/01/2022 Libro
    Dewey Decimal Classification     General Zootecnia Zootecnia   09/11/2005 z_4094 18/01/2022 4 18/01/2022 Libro
    Dewey Decimal Classification     General Zootecnia Zootecnia   09/11/2005 z_4095 18/01/2022 5 18/01/2022 Libro